LIBRARY & INFORMATION CENTRE, KCAET, TAVANUR

ONLINE PUBLIC ACCESS CATALOGUE (OPAC)

Thermal engineering / (Record no. 13056)

MARC details
000 -LEADER
fixed length control field 00341cam a2200145ua 4500
020 ## - INTERNATIONAL STANDARD BOOK NUMBER
ISBN 8170088348
020 ## - INTERNATIONAL STANDARD BOOK NUMBER
ISBN 9788170088349
082 ## - DEWEY DECIMAL CLASSIFICATION NUMBER
Classification number 621.402
Item number RAJ/TH
100 ## - MAIN ENTRY--AUTHOR NAME
Personal name Rajput, R.K .
245 ## - TITLE STATEMENT
Title Thermal engineering /
250 ## - EDITION STATEMENT
Edition statement 6 / 8
260 ## - PUBLICATION, DISTRIBUTION, ETC. (IMPRINT)
Place of publication New Delhi :
Name of publisher Laxmi publications ,
Year of publication 2006.
300 ## - PHYSICAL DESCRIPTION
Number of Pages 1670 ;
Accompanying material `.
942 ## - ADDED ENTRY ELEMENTS (KOHA)
Koha item type Books
Holdings
Withdrawn status Lost status Damaged status Home library Current library Shelving location Date acquired Full call number Accession Number Koha item type Collection code Source of acquisition Cost, normal purchase price
      KAUAET KAUAET Binding Shelf 07/04/2012 621.402 21363 Books      
      KAUAET KAUAET   07/04/2012 621.402 21732 Books      
      KAUAET KAUAET General Stacks 30/03/2013 621.402 RAJ/TH 24134 Books   Aman Book Stall, Calicut 850.00
      KAUAET KAUAET General Stacks 31/03/2014 621.402 RAJ/TH 24473 Books     795.00
free website counter